000 00416 a2200169 4500
001 46365
020 _a9788506067376
040 _cAnchieta - Aquarius
100 _aStrufaldi, Silvia
240 1 0 _a=Os ziskisitos e a casa mal-assombrada
_lpor
245 1 0 _a=Os ziskisitos e a casa mal-assombrada
300 _a174
362 0 _a2011
440 1 _aMelhoramentos
650 4 _aLiteratura brasileira
942 _cBK
999 _c46365
_d46365